000 00574nam a2200229Ia 4500
003 OSt
005 20220924153433.0
006 a|||||r|||| 00| 0
007 ta
008 220923b |||||||| |||| 00| 0 kan d
024 _a350201
037 _cTextual
040 _aARTS
_cARTS
_bkan
041 _2kan
_akan
082 _aO33:gx, N7
100 _aSudha Chandramati Au.
_9228818
245 0 _aManasi manasa
260 _c1997
650 _aKANNAD LITERATURE
942 _hO33:gx, N7
_cTEXL
_2CC
999 _c473595
_d473595